Pays dont la première lettre est la même que celle de la capitale - Statistiques

Statistiques générales
  • Ce quiz a été pris 588 fois
    393 depuis la dernière actualisation
  • Le résultat moyen est 30 sur 56
Statistiques - réponses
Capitale % Correct
Alger
84%
Brésil
84%
Algérie
80%
Tunis
80%
Luxembourg
79%
Luxembourg
79%
Andorre
75%
Belgique
75%
Brasilia
75%
Tunisie
75%
Mexique
74%
Vatican
74%
Vatican
74%
Monaco
72%
Monaco
72%
Saint-Marin
69%
Saint-Marin
69%
Panama
68%
Panama
68%
Bruxelles
67%
Mexico
67%
Andorre-la-Vieille
64%
Guatemala
63%
Guatemala
63%
Singapour
58%
Singapour
58%
Suède
57%
Koweit
53%
Koweit
53%
Stockholm
53%
Djibouti
52%
Djibouti
52%
Salvador
51%
Belize
46%
Niger
45%
San Salvador
43%
Sao Tomé
43%
Sao Tomé-et-Principe
43%
Brunei
42%
Taïwan
42%
Sri Lanka
40%
Taipei
39%
Maldives
38%
Guyana
37%
Mozambique
34%
Belmopan
33%
Niamey
33%
Malé
30%
Bandar Seri Begawan
29%
Georgetown
29%
Barbade
28%
Maputo
28%
Sri Jayawardenapura Kotte
25%
Papouasie-Nouvelle-Guinée
20%
Bridgetown
19%
Port Moresby
17%
Aucun quiz correspondant
Distribution des résultats
% des personnes avec chaque résultat
Percentile par nombre de réponses
Votre historique - résultats
Vous n’avez pas pris ce quiz depuis la dernière actualisation